000 00678nam a2200277Ia 4500
005 20260324144303.0
008 008 260324s9999 xx 000 0 eng d
020 _a9781315225890
037 _aEBOOK
040 _aCRL
040 _beng
040 _cCRL
041 _2eng
041 _aeng
084 _qCRL
100 _aSuzanne Gossett
_91121718
245 4 _aThe Influence of the Jacobean Masque on the Plays of Beaumont and Fletcher
260 _bTaylor and Francis
260 _c1988
365 _a
365 _b230
856 _uhttp://www.taylorfrancis.com/books/9781315225890
942 _cEBOOK
999 _c1825204
_d1825204